2021 Six Nations Championship Starting XV - Statistics

General Stats
  • This quiz has been taken 48 times
  • The average score is 45 of 90
Answer Stats
Nation Position Player % Correct
Wales 5 Alun Wyn Jones
90%
Ireland 10 Jonathan Sexton
90%
Wales 1 Wyn Jones
90%
France 9 Antoine Dupont
83%
Scotland 10 Finn Russell
83%
Wales 15 Liam Williams
83%
Wales 10 Dan Biggar
80%
England 12 Owen Farrell
80%
England 4 Maro Itoje
78%
Scotland 15 Stuart Hogg
78%
England 14 Anthony Watson
75%
England 10 George Ford
75%
Scotland 7 Hamish Watson
75%
Ireland 13 Garry Ringrose
73%
Ireland 3 Tadhg Furlong
73%
Ireland 9 Jamison Gibson-Park
70%
Wales 8 Taulupe Faletau
70%
Wales 13 George North
68%
Ireland 11 James Lowe
68%
England 7 Tom Curry
68%
France 12 Gaël Fickou
65%
England 11 Jonny May
65%
Scotland 8 Matt Fagerson
65%
Ireland 12 Robbie Henshaw
65%
Scotland 3 Zander Fagerson
65%
England 15 Elliot Daly
63%
Ireland 5 James Ryan
63%
Wales 11 Josh Adams
63%
Ireland 7 Josh van der Flier
63%
Wales 14 Louis Rees-Zammit
63%
England 9 Ben Youngs
60%
Ireland 1 Cian Healy
60%
France 11 Damian Penaud
60%
Scotland 11 Duhan van der Merwe
58%
Wales 9 Gareth Davies
58%
Ireland 15 Hugo Keenan
58%
Wales 12 Jonathan Davies
58%
Scotland 9 Ali Price
55%
England 8 Billy Vunipola
55%
Scotland 14 Darcy Graham
55%
France 8 Grégory Alldritt
55%
France 2 Julien Marchand
55%
Wales 7 Justin Tipuric
55%
England 1 Mako Vunipola
55%
France 1 Cyril Baille
53%
England 13 Henry Slade
53%
Scotland 5 Jonny Gray
53%
England 2 Luke Cowan-Dickie
53%
France 10 Matthieu Jalibert
53%
Ireland 4 Iain Henderson
50%
Ireland 14 Keith Earls
50%
Italy 10 Paolo Garbisi
50%
France 5 Paul Willemse
50%
Ireland 6 Tadhg Beirne
50%
Wales 4 Adam Beard
48%
France 7 Charles Ollivon
48%
Ireland 8 CJ Stander
48%
Scotland 6 Jamie Ritchie
48%
England 3 Kyle Sinckler
48%
Italy 11 Monty Ioane
48%
Wales 2 Ken Owens
45%
France 14 Teddy Thomas
45%
France 15 Brice Dulin
40%
France 4 Bernard Le Roux
38%
Scotland 2 George Turner
38%
England 5 Jonny Hill
38%
Scotland 13 Chris Harris
35%
Wales 6 Josh Navidi
35%
Wales 3 Tomas Francis
35%
Italy 13 Juan Ignacio Brex
33%
Scotland 1 Rory Sutherland
33%
France 13 Virimi Vakatawa
33%
Italy 8 Michele Lamaro
30%
Italy 1 Danilo Fischetti
25%
Scotland 4 Scott Cummings
25%
France 3 Mohamed Haouas
23%
Ireland 2 Rob Herring
23%
Italy 6 Sebastian Negri
23%
Italy 9 Stephen Varney
23%
Scotland 12 Sam Johnson
20%
France 6 Dylan Cretin
18%
Italy 2 Luca Bigi
18%
England 6 Mark Wilson
15%
Italy 12 Carlo Canna
8%
Italy 3 Marco Riccioni
5%
Italy 7 Johan Meyer
3%
Italy 5 David Sisi
0%
Italy 15 Jacopo Trulla
0%
Italy 14 Luca Sperandio
0%
Italy 4 Marco Lazzaroni
0%
No matching quizzes found
Score Distribution
Percent of People with Each Score
Percentile by Number Answered
Your Score History
You have not taken this quiz